| 000 | 02944nam a22003257a 4500 | ||
|---|---|---|---|
| 005 | 20160224142712.0 | ||
| 008 | 130419k17381739it ||||fr|||||001|0|ita d | ||
| 040 |
_cSandra Yazo (modificó) _dSandra Yazo (modificó) _bspa |
||
| 041 | 0 | _aita | |
| 082 | 0 | 4 |
_a248.4 _220 |
| 092 | _aE03N025 | ||
| 100 | 1 |
_aCalino, Césare _d1670-1749 _929431 |
|
| 242 | 0 | 0 |
_aConsideraciones y discursos con temas morales y de la familia, facilitando a quien quiera fijar su pensamiento todos los días en alguna verdad eterna, para uso de los párrocos y para quienes dirigen congregaciones y retiros espirituales _bmes séptimo [mes décimo] _cobra de Cesar Calino. _yspa |
| 245 | 1 | 0 |
_aConsiderazioni e discorsi famigliari, e morali ... ad uso de' reverendi parrochi dall' altare e de direttori di Congregazioni e di Essercizi spirituali _bmesse settimo [-decimo] _copera di Cesare Calino |
| 260 |
_aVenezia [Venecia] (Italia) _bPresso Gio: Battista Recurti [en los talleres de Juan Bautista Recurti] _c1738-1739 |
||
| 300 |
_a2 volúmenes (xi, 510 ; [15], 536 páginas) _c16 x 9 cm. |
||
| 500 | _aDetalles físicos: Encuadernación rígida en cartón forrado en pergamino. Guardas, las guardas delanteras recortadas. Portada impresa en una sola tinta con motivo decorativo religioso. Cenefa. Mayúscula capital. Texto impreso en una sola columna con varios tipos y tamaños de letra. Apostillas marginales. Signaturas y reclamos. Índice al final. Cortes pintados. V.7 Empieza a desencuadernarse, en guardas notas de donación | ||
| 500 | _aColección incompleta | ||
| 505 | 0 | _aV.7: Mes séptimo: Reflexiones y lecturas: ¿Qué son las virtudes cristianas? ; Importancia de su práctica desde temprana edad ; Verdades acerca del Paraíso ; La virtud de la fe ; La esperanza ; ¿Qué se puede esperar de las cosas creadas? ; La desesperanza ; La caridad habitual, que hace al ser humano amable para Dios ; El amor a Dios -- V.10: Mes décimo: Reflexiones y lecturas: El misterio de la Trinidad ; La encarnación del Verbo ; Nacimiento de Nuestro Señor ; La presentación en el Templo ; La huida a Egipto ; Bautismo de Jesús ; Las tentaciones en el desierto ; Las bodas de Caná ; Llamadas de Jesús: los que las siguieron y los que no ; Milagros de Jesús ; Algunas parábolas | |
| 506 | _aConsulta en sala | ||
| 546 | _aTexto en italiano y algunas expresiones en latín | ||
| 650 | 7 |
_aEspiritualidad _xObras anteriores a 1800 _9191 |
|
| 650 | 7 |
_aMeditaciones _xObras anteriores a 1800 _919257 |
|
| 650 | 7 |
_aVida Cristiana _xObras anteriores a 1800 _925239 |
|
| 650 | 7 |
_aVida espiritual _xObras anteriores a 1800 _926229 |
|
| 690 |
_aTeología _925230 |
||
| 856 | 4 |
_zDisponible en línea V.10 _uhttp://books.google.com.co/books?id=9NsukKRr7ecC&printsec=frontcover&source=gbs_atb |
|
| 856 | 4 |
_zDisponible en línea V.7 _uhttp://books.google.com.co/books?id=crY7AAAAcAAJ&printsec=frontcover&source=gbs_atb |
|
| 942 |
_cLIBRO _e1 _a4 _2LOCAL _hE03N025 |
||
| 999 |
_c68097 _d68097 |
||